| 000 | 00307 a2200121 4500 | ||
|---|---|---|---|
| 001 | 88134 | ||
| 082 | _aPR 363 | ||
| 090 |
_c41543 _d41543 |
||
| 100 | _aMuhammad Ishtiaq; Tanveer, Prof advisor | ||
| 245 |
_astructural design of communication tower _nG-61 |
||
| 260 |
_aRisalpur _bNUST _c2005 |
||
| 300 | _a30 p. | ||
| 942 |
_aCAE NUST _kPR 363 |
||
| 999 |
_c323207 _d323207 |
||